Bài tập trường điện từ

Kaydedildi:
Detaylı Bibliyografya
Yazar: Ngô Nhật ảnh
Materyal Türü: Kitap
Dil:Undetermined
Baskı/Yayın Bilgisi: Tp. HCM Trường Đại Học Bách Khoa 1997
Konular:
Etiketler: Etiketle
Etiket eklenmemiş, İlk siz ekleyin!
Thư viện lưu trữ: Trung tâm Học liệu Trường Đại học Cần Thơ
LEADER 00592nam a2200193Ia 4500
001 CTU_29804
008 210402s9999 xx 000 0 und d
020 |b 19.500đ 
082 |a 530.141076 
082 |b A107 
100 |a Ngô Nhật ảnh 
245 0 |a Bài tập trường điện từ 
245 0 |c Ngô Nhật ảnh, Trương Trọng Tuấn Mỹ 
260 |a Tp. HCM 
260 |b Trường Đại Học Bách Khoa 
260 |c 1997 
650 |a electromagnetic fields 
904 |i Minh, 990423 
980 |a Trung tâm Học liệu Trường Đại học Cần Thơ